Essential results of functional analysis
Αποθηκεύτηκε σε:
| Κύριος συγγραφέας: | |
|---|---|
| Μορφή: | Βιβλίο |
| Γλώσσα: | English |
| Δημοσίευση: |
Chicago :
University of Chicago Press,
c1990
|
| Σειρά: | Chicago lectures in mathematics
|
| Θέματα: | |
| Ετικέτες: |
Προσθήκη ετικέτας
Δεν υπάρχουν, Καταχωρήστε ετικέτα πρώτοι!
|
MARC
| LEADER | 00000nam a2200000 i 4500 | ||
|---|---|---|---|
| 001 | 1/80654 | ||
| 008 | 990511s1990 eng d | ||
| 020 | |a 0-226-98338-2 | ||
| 035 | |l 10050689 | ||
| 040 | |a GR-MY-UA |b gre |e aacr | ||
| 041 | 0 | |a eng | |
| 082 | 0 | |a 515.7 | |
| 100 | 1 | |a Zimmer, Robert J. |d 1947- | |
| 245 | 1 | 0 | |a Essential results of functional analysis / |c Robert J. Zimmer |
| 260 | |a Chicago : |b University of Chicago Press, |c c1990 | ||
| 300 | |a ix 157 p.; |c 21 cm. | ||
| 490 | 1 | |a Chicago lectures in mathematics | |
| 500 | |a Includes bibliographical references | ||
| 650 | 0 | 0 | |a Functional analysis. |
| 830 | 0 | |a Chicago lectures in mathematics | |
| 852 | |a INST |b SAMOS |e 19990511 |h 515.7 ZIM |p 005300013060 |q 005300013060 |t BK |y 0 | ||
| 901 | |a BIBL3-1999-2 | ||
| 909 | |a Σ |b 064054 | ||
| 922 | |a 3ΕΛΗ |b 199901 |c ΚΠΣ |d GLORY | ||